00000000nam 2200000za 4500
0019.576294
003CaOODSP
00520251010121158
007cr |||||||||||
008150406|2012||||xxc|||||o    f|0| 0 eng d
040 |aCaOODSP|beng
043 |an-cn---
0861 |aYM32-2/2012-79E-PDF
24500|aOmnibus bills - frequently asked questions / |h[electronic resource]|c[by] Michel Bédard.
250 |a[1 October 2012 edition].
260 |aOttawa - Ontario : |bLibrary of Parliament. |c1 October 2012.
300 |a12p.
4901 |aBackground paper|v2012-79-E
590 |a13-14|b2013-04-05
7101 |aCanada. |bParliamentary Information and Research Service.
77508|tProjets de loi omnibus - foire aux questions / |w(CaOODSP)9.605540
794 |tOmnibus bills : |b[Revised 26 January 2022]|w(CaOODSP)9.956137
830#0|aBackground paper ;|v2012-79-E|w(CaOODSP)9.504772
85640|qPDF|s331 KB|uhttps://publications.gc.ca/collections/collection_2013/bdp-lop/bp/2012-79-eng.pdf